Регионална библиотека "Любен Каравелов" - Русе

Балчишка тузла (Запис номер 189536)

MARC детайли
000 -Лидер
Контролно поле с фиксирана дължина 01757nam a2200397 c 4500
003 - Код на организацията, давaща контролен номер
Контролно поле BLK
005 - Дата и час на последна редакция
Контролно поле 20200825153257.0
008 - Елементи от данни с фиксирана дължина
fixed length control field 180411b bul|||||r ||||||| ||bul||
010 ## - Наследен системен номер
LC control number KNG00198580000
040 ## - Източник на каталожния запис
Идентификатор на билиотеката - собственик на записа BLK
041 ## - Код за език
Код за езика на текст/звукозапис или на отделно заглавие Български
Код за езика КДБФ Български
080 ## - УДК
Текстов определител УДК Хидротерапия (водотерапия). Балнеолечение. Курортотерапия - Лечение с бани, горещи бани, сауна, хладни бани, речно къпане, влажни фрикции, компреси, с "жива вода"(алкално активирана, с ph 9, 6;курорт
УДК код - определител по УДК 615.838
УДК определител (497.2)
УДК - код + определител 615.838(497.2)
100 1# - Редна дума - Автор
Автор Илиев, Цветан Стоянов
Авторска отговорност първи автор
R(LIN) 383659
139 ## - Редно поле
Редна дума Илиев, Цветан Стоянов и др.
Авторски знак Илие - И 52
245 10 - Сведения за заглавието
Заглавие Балчишка тузла
Подзаглавни данни Науч.-попул. очерк
Редно поле (дума) Цветан Стоянов Илиев; съавт. Лилия Владева.
257 ## - Страна на издаване
Страна на създаване/издаване България
260 ## - Област на издателските данни
Място на издаване, разпространение и проч. София
Име на издателя, разпространителя и проч. Медицина и физкултура
Година на издаване 1983
300 ## - Физическа характеристика
Страници 72 с.
Илюстрации и др. с ил., табл.
Размери/Мащаб 17 см
380 ## - Жанр
Жанр Медицина
490 ## - СЕРИИ (Колекции)
Име на серия Наши курорти
9 (RLIN) 205785
500 ## - Общи забележки
Забележка 5 100 тир.
650 #4 - Допълнително описание по предмет – тема
Основно описание – тема или топоним Курорти - България
9 (RLIN) 319021
650 #4 - Допълнително описание по предмет – тема
Основно описание – тема или топоним Калолечение
9 (RLIN) 158153
650 #4 - Допълнително описание по предмет – тема
Основно описание – тема или топоним Балнеотерапия
9 (RLIN) 148062
651 #4 - Допълнително описание по предмет - топоним
Географско понятие България
9 (RLIN) 241624
653 ## - Ключова дума – ненормативна
Ключова дума курорти
653 ## - Ключова дума – ненормативна
Ключова дума калотерапия
653 ## - Ключова дума – ненормативна
Ключова дума балнеотерапия
653 ## - Ключова дума – ненормативна
Ключова дума климатолечение
700 1# - Други автори (авторска отговорност)
Лично име Владева, Лилия
Автороска отговорност (Описва отношението между автора и произведението) съавт.
9 (RLIN) 344867
852 ## - Местоположение
Форматна сигнатура Цб І 20565
856 4# - Електронен адрес и достъп
Електронен формат pdf - файл
856 4# - Електронен адрес и достъп
Електронен формат pdf - файл
999 ## - СИСТЕМНИ КОНТРОЛНИ НОМЕРА
Koha biblionumber 189536
Koha biblioitemnumber 189536
942 ## - АРТИКУЛИ
Вид на библиотечния материал Книги
Скрит в OPAC Не
Периодичен библиозапис Да
944 ## - СЪЗДАВАНЕ И РЕДАКЦИЯ на ЗАПИСА
Създаване/Редакция Създаване
Дата на регистрацията/редакция 19.12.2016
Служител, извършил регистрацията/редакцията Елиз_Шакирова
944 ## - СЪЗДАВАНЕ И РЕДАКЦИЯ на ЗАПИСА
Създаване/Редакция Редакция
Дата на регистрацията/редакция 19.12.2016
Служител, извършил регистрацията/редакцията Севдалина_Василева
999 ## - СИСТЕМНИ КОНТРОЛНИ НОМЕРА
Koha biblioitemnumber 189536
Наличности
Код за отписване Код за изгубен артикул Източник на класификационната схема Код за повреда Коз за рестрикции Код за отдаване Артикулен № Име на библиотеката - собственик Име на библиотеката, в която се намира в момента Статус (Текущо местоположение) Дата на вписване в системата Местоположение - отдел Цена в лева Инвентарен номер Систематично азбучна сигнатура Баркод Номер на екземпляра Цена в евро Служебна бележка Служебен тип на артикула
  Не е изгубен Universal Decimal Classification Не е повреден без рестрикции ползва се в читалня 333514 Регионална библиотека "Любен Каравелов" Русе Регионална библиотека "Любен Каравелов" Русе Хранилище 1983-01-01 Хранилище 0.28 381959 Цб І 20565 120000381959 1 0.14 Дост: Dp Вид: Д N: стар фонд Дата: 01.01.1983 Книги
Изтеглен Не е изгубен Universal Decimal Classification Не е повреден без рестрикции заемане за дома 333515 Регионална библиотека "Любен Каравелов" Русе Регионална библиотека "Любен Каравелов" Русе Заемна - подръчен фонд 1983-01-01 Заемна - подръчен фонд 0.28 381326 П 615.83/И 52 381326 2 0.14 Дост: Pk Вид: Ф N: стар фонд Дата: 01.01.1983 Книги
Vip Innovations Ltd, Rousse, Bulgaria 2025